Intensity of ICT Use by Managers of Agricultural Enterprises

Výskum zahŕňa analýzu intenzity využitia informačných a komunikačných technológií manažérmi s dôrazom na poľnohospodárske podniky na Slovensku. Tiež verifikuje hypotézu značného vplyvu manažérskej pracovnej pozície na intenzitu využívania IKT v podnikoch.

Gespeichert in:
Bibliographische Detailangaben
1. Verfasser: Szabo, Ľuboslav
Weitere Verfasser: Romanová, Anita, 1973-, Bolek, Vladimír, 1988-, Zelina, Michal, 1981-
Format: Buchkapitel
Sprache:Englisch
Schlagworte:
Tags: Tag hinzufügen
Keine Tags, Fügen Sie das erste Tag hinzu!

MARC

LEADER 00000nla a2200000 4500
001 0237850
005 20240903100420.6
041 0 |a eng 
044 |a CZ 
245 1 0 |a Intensity of ICT Use by Managers of Agricultural Enterprises  |c Ľuboslav Szabo, Anita Romanová, Vladimír Bolek, Michal Zelina 
520 |a Výskum zahŕňa analýzu intenzity využitia informačných a komunikačných technológií manažérmi s dôrazom na poľnohospodárske podniky na Slovensku. Tiež verifikuje hypotézu značného vplyvu manažérskej pracovnej pozície na intenzitu využívania IKT v podnikoch. 
610 2 0 |a podnik poľnohospodársky 
610 2 0 |a technológie informačné 
610 2 0 |a technológie komunikačné 
610 2 0 |a hardvér 
610 2 0 |a softvér 
610 2 0 |a manažéri 
610 2 0 |a Slovensko 
100 1 |a Szabo, Ľuboslav 
700 1 |a Romanová, Anita, 1973- 
700 1 |a Bolek, Vladimír, 1988- 
700 1 |a Zelina, Michal, 1981-